| 000 | 00570nam a2200193Ia 4500 | ||
|---|---|---|---|
| 003 | IN-BaIIA | ||
| 008 | 211028s9999 xx 000 0 eng d | ||
| 020 | _a978-81-7480-165-4 | ||
| 040 | _cIIA Library | ||
| 080 |
_a550.341 _bMAH |
||
| 100 |
_aMahanti, Sobodh _933408 |
||
| 245 | 4 |
_aThe violent earth _bearthquakes, volcanoes and tsunamis _cSobodh Mahanti |
|
| 260 |
_aNoida _bVigyan Prasar _c2008 |
||
| 300 | _axi, 117p. | ||
| 650 | _aEarthquakes | ||
| 650 |
_aTsunamis _933409 |
||
| 650 |
_avolcanoes _9515 |
||
| 942 | _cBK | ||
| 999 |
_c17647 _d17647 |
||